000 00605nam a2200217Ia 4500
003 OSt
005 20220928145006.0
006 a|||||r|||| 00| 0
007 ta
008 220927b |||||||| |||| 00| 0 eng d
024 _a77975
037 _cTextual
040 _aSDCL
_cSDCL
_beng
041 _2eng
_aeng
082 _aX:75:(B).3'N7, L6
100 _aBarker Terence S Ed.
_9511059
245 0 _aEconomic structure and policy with applications to the British economy.
260 _c1976
942 _hX:75:(B).3'N7, L6
_cTEXL
_2CC
999 _c831283
_d831283